000 007950000a22002410004500
003 LK-CoMWRAF
005 20231202191028.0
008 230817t1999 ||||| |||| 00| 0 eng d
020 _a0850925967
040 _aLK-CoMWRAF
_dLK-CoMWRAF
_eLK-CoMWRAF
041 _aeng
082 _a352.608
_bCOM
110 _aCommonwealth Secretariat
245 _a Gender mainstreaming in the public service :
_ba reference manual for governments and other stakeholders
260 _aLondon:
_bCommonwealth Secretariat,
_c1999
300 _a48 p. ; 30 cm.
490 _aGenderManagement System Series
650 _aGENDER MAINSTREAMING
650 _aAffirmative action programs- Commonwealth countries
650 _aSex discrimination against women
650 _aWomen in the civil service
942 _cBK
999 _c30
_d30